[Event "NRW Class1 1819"]
[Site "Germany"]
[Date "2019.04.14"]
[Round "8.6"]
[White "Matzat, Andre"]
[Black "Gallasch, Jonas"]
[Result "0-1"]
[WhiteElo "1977"]
[BlackElo "2057"]
[PlyCount "88"]
[EventDate "2018.09.16"]
[EventType "team-tourn"]
[EventRounds "9"]
[EventCountry "GER"]
[SourceTitle "EXT 2022"]
[Source "ChessBase"]
[SourceDate "2021.10.06"]
[SourceVersion "1"]
[SourceVersionDate "2021.10.06"]
[SourceQuality "1"]
[WhiteTeam "Oberhausen SV"]
[BlackTeam "Porz SG II"]
[WhiteTeamCountry "GER"]
[BlackTeamCountry "GER"]

1. d4 Nf6 2. Bf4 g6 3. Nc3 d5 4. e3 Bg7 5. h4 h6 6. Nb5 Na6 7. Be2 0-0 8. Nf3 Bg4 9. Ne5 Bxe2 10. Qxe2 c6 11. Nc3 Nd7 12. 0-0-0 Nc7 13. Qg4 Nxe5 14. Bxe5 Ne8 15. Bxg7 Kxg7 16. e4 Nf6 17. Qf3 Nxe4 18. Nxe4 dxe4 19. Qxe4 Qd5 20. Qe5+ Kg8 21. b3 e6 22. h5 g5 23. Qf6 Kh7 24. f4 Qxg2 25. Rhg1 Qf2 26. Rdf1 Qe3+ 27. Kb1 Rg8 28. fxg5 hxg5 29. Qxf7+ Rg7 30. Qf6 Rag8 31. Re1 Qf4 32. Rxe6 Qxf6 33. Rxf6 g4 34. Rg3 Rg5 35. Kc1 Rxh5 36. Rf7+ Kh6 37. Rxb7 Rh3 38. Rg2 g3 39. Re7 Rh2 40. Ree2 Rxg2 41. Rxg2 Kh5 42. Kd2 Kg4 43. Ke2 Rf8 44. c4 Kh3 0-1

[Event "Bad Woerishofen op-A 35th"]
[Site "Bad Woerishofen"]
[Date "2019.03.15"]
[Round "1.13"]
[White "Hedke, Fred"]
[Black "Matzat, Andre"]
[Result "1/2-1/2"]
[WhiteElo "2245"]
[BlackElo "2009"]
[PlyCount "61"]
[EventDate "2019.03.15"]
[EventType "swiss"]
[EventRounds "9"]
[EventCountry "GER"]
[SourceTitle "EXT 2020"]
[Source "ChessBase"]
[SourceDate "2019.10.17"]
[SourceVersion "1"]
[SourceVersionDate "2019.10.17"]
[SourceQuality "1"]

1. e4 c5 2. c3 Nf6 3. e5 Nd5 4. d4 cxd4 5. Bc4 e6 6. cxd4 d6 7. exd6 Bxd6 8. Nf3 0-0 9. 0-0 b6 10. Nc3 Nxc3 11. bxc3 Bb7 12. Be2 Nd7 13. a4 e5 14. Ba3 Bxa3 15. Rxa3 Qe7 16. Qb3 exd4 17. Nxd4 Qg5 18. Bf3 Bxf3 19. Nxf3 Qc5 20. a5 b5 21. a6 Rab8 22. Rb1 Rfc8 23. h3 Rb6 24. Qb4 g6 25. Nd4 Nb8 26. Ra5 Nxa6 27. Qxc5 Rxc5 28. Rbxb5 Rbxb5 29. Rxb5 Rxc3 30. Ra5 Rc4 31. Rxa6 1/2-1/2

[Event "NRW Class1 1819"]
[Site "Germany"]
[Date "2018.12.09"]
[Round "4.6"]
[White "Grobbel, Rainer"]
[Black "Matzat, Andre"]
[Result "1-0"]
[WhiteElo "2127"]
[BlackElo "2029"]
[PlyCount "73"]
[EventDate "2018.09.16"]
[EventType "team-tourn"]
[EventRounds "9"]
[EventCountry "GER"]
[SourceTitle "EXT 2022"]
[Source "ChessBase"]
[SourceDate "2021.10.06"]
[SourceVersion "1"]
[SourceVersionDate "2021.10.06"]
[SourceQuality "1"]
[WhiteTeam "Lippstadt Turm"]
[BlackTeam "Oberhausen SV"]
[WhiteTeamCountry "GER"]
[BlackTeamCountry "GER"]

1. d4 Nf6 2. c4 Nc6 3. Nf3 e6 4. Nc3 Bb4 5. Qc2 d6 6. e3 e5 7. d5 Bxc3+ 8. Qxc3 Ne7 9. Be2 0-0 10. 0-0 b5 11. cxb5 Nexd5 12. Qc2 Bb7 13. Rd1 Nd7 14. a3 N5f6 15. b4 Be4 16. Qb3 Qe7 17. Bb2 c6 18. bxc6 Bxc6 19. a4 Rab8 20. b5 Nc5 21. Qa3 Bd5 22. Nd2 a6 23. Bc3 axb5 24. axb5 Ra8 25. Qb4 Rxa1 26. Rxa1 Qb7 27. f3 Ra8 28. Rxa8+ Qxa8 29. Bxe5 dxe5 30. Qxc5 h6 31. Qc3 Nd7 32. Qc7 Qa2 33. Qxd7 Qxd2 34. Kf2 Qa2 35. Qe8+ Kh7 36. Qxe5 g6 37. Qd4 1-0

[Event "Wiesbaden op 30th"]
[Site "Wiesbaden"]
[Date "2018.08.26"]
[Round "6"]
[White "Ahrends, Norbert"]
[Black "Matzat, Andre"]
[Result "0-1"]
[WhiteElo "1860"]
[BlackElo "2081"]
[PlyCount "34"]
[EventDate "2018.08.23"]
[EventType "swiss"]
[EventRounds "7"]
[EventCountry "GER"]
[SourceTitle "CBM 186 Extra"]
[Source "ChessBase"]
[SourceDate "2018.08.24"]
[SourceVersion "1"]
[SourceVersionDate "2018.08.24"]
[SourceQuality "1"]

1. d4 Nf6 2. c4 e6 3. Nc3 Bb4 4. Qc2 Nc6 5. Nf3 d6 6. a3 Bxc3+ 7. Qxc3 0-0 8. Bg5 a5 9. e3 Re8 10. Rd1 Qe7 11. Qc2 e5 12. Be2 Bg4 13. 0-0 a4 14. Nxe5 Nxe5 15. dxe5 Bxe2 16. Qxe2 Qxe5 17. Bf4 Qxf4 0-1

[Event "Ruhrgebiet Regionalliga 1516"]
[Site "Germany"]
[Date "2016.03.13"]
[Round "7.5"]
[White "Schaper, Steffen"]
[Black "Matzat, Andre"]
[Result "1-0"]
[WhiteElo "1966"]
[BlackElo "2028"]
[PlyCount "117"]
[EventDate "2015.09.13"]
[EventType "team-tourn"]
[EventRounds "9"]
[EventCountry "GER"]
[SourceTitle "EXT 2022"]
[Source "ChessBase"]
[SourceDate "2021.10.06"]
[SourceVersion "1"]
[SourceVersionDate "2021.10.06"]
[SourceQuality "1"]
[WhiteTeam "Bochum-Linden"]
[BlackTeam "Borbeck Weisse Dame"]
[WhiteTeamCountry "GER"]
[BlackTeamCountry "GER"]

1. e4 c5 2. Nc3 Nc6 3. g3 g6 4. Bg2 Bg7 5. d3 d6 6. Be3 Rb8 7. Qd2 b5 8. Nf3 b4 9. Nd1 Nf6 10. h3 0-0 11. 0-0 a5 12. Nh2 Ne8 13. f4 Nc7 14. g4 Nb5 15. g5 a4 16. Rc1 a3 17. b3 Ncd4 18. Ng4 Be6 19. Nh6+ Bxh6 20. gxh6 f6 21. Qf2 Qd7 22. Kh1 Bxh3 23. f5 Bxg2+ 24. Qxg2 Kh8 25. fxg6 hxg6 26. Bd2 Rf7 27. Ne3 Rg8 28. Ng4 Qe6 29. Kg1 f5 30. Ne3 f4 31. Nd5 g5 32. c4 bxc3 33. Nxc3 Qxh6 34. Nxb5 Nxb5 35. b4 cxb4 36. Bxb4 Rh7 37. Rc6 Qe6 38. d4 Rh4 39. d5 Qe5 40. Rc4 Kh7 41. Be1 Rh5 42. Bd2 e6 43. Rb1 g4 44. Rxb5 Rh3 45. Rb7+ Kh6 46. Rf7 Qa1+ 47. Bc1 e5 48. Rd7 Rg6 49. Rb7 Kg5 50. Rb3 Kf6 51. Qf2 g3 52. Qb6 Kg5 53. Qd8+ Kh5 54. Rb7 Kg4 55. Qc8+ Kf3 56. Qxh3 Qxa2 57. Rc3+ Kxe4 58. Qg2+ Qxg2+ 59. Kxg2 1-0

[Event "Ruhrgebiet Regionalliga 1415"]
[Site "Germany"]
[Date "2014.10.26"]
[Round "2.6"]
[White "Matzat, Andre"]
[Black "Hufelschulte, Norbert"]
[Result "0-1"]
[WhiteElo "1997"]
[BlackElo "2019"]
[PlyCount "80"]
[EventDate "2014.09.28"]
[EventType "team-tourn"]
[EventRounds "9"]
[EventCountry "GER"]
[SourceTitle "EXT 2022"]
[Source "ChessBase"]
[SourceDate "2021.10.06"]
[SourceVersion "1"]
[SourceVersionDate "2021.10.06"]
[SourceQuality "1"]
[WhiteTeam "Borbeck Weisse Dame"]
[BlackTeam "Hamm SV"]
[WhiteTeamCountry "GER"]
[BlackTeamCountry "GER"]

1. d4 Nf6 2. Bg5 Ne4 3. Bf4 d5 4. e3 c5 5. Bd3 Nc6 6. Bxe4 dxe4 7. d5 g5 8. Bxg5 Rg8 9. Bf4 Na5 10. Nc3 Rxg2 11. Bg3 Qb6 12. Kf1 Qxb2 13. Kxg2 Qxc3 14. Ne2 Qf6 15. Nf4 Qg5 16. Qe2 b6 17. h3 Bg7 18. Rad1 Be5 19. Kh2 Bd7 20. Nh5 0-0-0 21. Bxe5 Qxe5+ 22. Nf4 Qb2 23. Rhg1 Bb5 24. c4 Qxe2 25. Nxe2 Bxc4 26. Nc3 Nb7 27. Rg7 Nd6 28. Rxh7 b5 29. Rh4 f5 30. Rh7 Kd7 31. Kg3 Rc8 32. Rd2 b4 33. Na4 Bb5 34. Nb2 c4 35. Rc2 c3 36. Nd1 Ba4 37. Rc1 Bxd1 38. Rxd1 a5 39. Kf4 c2 40. Rc1 a4 0-1

[Event "Ruhrgebiet Regionalliga 1314"]
[Site "Ruhrgebiet"]
[Date "2013.12.01"]
[Round "4.6"]
[White "Matzat, Andre"]
[Black "Mikulski, Georg"]
[Result "1/2-1/2"]
[WhiteElo "2000"]
[BlackElo "1934"]
[PlyCount "84"]
[EventDate "2013.09.22"]
[EventType "team-tourn"]
[EventRounds "9"]
[EventCountry "GER"]
[SourceTitle "EXT 2024"]
[Source "ChessBase"]
[SourceDate "2023.10.10"]
[SourceVersion "1"]
[SourceVersionDate "2023.10.10"]
[SourceQuality "1"]
[WhiteTeam "Borbeck Weisse Dame"]
[BlackTeam "Herne Sodingen II"]
[WhiteTeamCountry "GER"]
[BlackTeamCountry "GER"]

1. d4 Nf6 2. Bg5 Ne4 3. Bf4 d5 4. e3 e6 5. Bd3 c5 6. Bxe4 dxe4 7. Nc3 f5 8. d5 Be7 9. Nge2 0-0 10. Qd2 Bf6 11. g4 Na6 12. gxf5 exf5 13. Rg1 Bd7 14. h4 b5 15. Bg5 b4 16. Nd1 Rb8 17. Nf4 Qe8 18. Bxf6 Rxf6 19. b3 Qe5 20. Rb1 Nc7 21. Nb2 Bb5 22. Nc4 Bxc4 23. bxc4 Rbb6 24. Rd1 Ne8 25. Ne6 Qd6 26. Qc1 Rg6 27. Ke2 Rxg1 28. Rxg1 Qe5 29. Nxc5 Qc3 30. Nb3 Qxc4+ 31. Ke1 Qxd5 32. Qb2 Rd6 33. Nd4 Ra6 34. Rg5 Qxa2 35. Qxb4 Rb6 36. Qc5 Qa1+ 37. Kd2 Rb1 38. Rxf5 Rd1+ 39. Ke2 Re1+ 40. Kd2 Rd1+ 41. Ke2 Re1+ 42. Kd2 Rd1+ 1/2-1/2

[Event "Ruhrgebiet Regionalliga 1314"]
[Site "Ruhrgebiet"]
[Date "2013.11.10"]
[Round "3"]
[White "Matzat, Andre"]
[Black "Andersen, Knut"]
[Result "1/2-1/2"]
[WhiteElo "2000"]
[BlackElo "1996"]
[PlyCount "117"]
[EventDate "2013.09.22"]
[EventType "team-tourn"]
[EventRounds "9"]
[EventCountry "GER"]
[SourceTitle "EXT 2024"]
[Source "ChessBase"]
[SourceDate "2023.10.10"]
[SourceVersion "1"]
[SourceVersionDate "2023.10.10"]
[SourceQuality "1"]
[WhiteTeam "Borbeck Weisse Dame"]
[BlackTeam "Buer"]
[WhiteTeamCountry "GER"]
[BlackTeamCountry "GER"]

1. d4 Nf6 2. Bg5 Ne4 3. Bf4 d5 4. e3 e6 5. Bd3 c5 6. Bxe4 dxe4 7. Nc3 cxd4 8. Qxd4 Qxd4 9. exd4 Bb4 10. Nge2 Bd7 11. a3 Bxc3+ 12. Nxc3 Bc6 13. 0-0-0 Nd7 14. Rhe1 Nf6 15. Be5 Ng4 16. h3 Nxe5 17. dxe5 Ke7 18. Nxe4 Bxe4 19. Rxe4 Rhd8 20. Red4 Rxd4 21. Rxd4 Rc8 22. b4 g5 23. c4 a5 24. Kb2 axb4 25. axb4 h5 26. Kb3 Ra8 27. h4 g4 28. c5 b5 29. cxb6 Rb8 30. Rc4 Rxb6 31. Rc7+ Kd8 32. Ra7 Rb5 33. Ra5 Rb7 34. Kc4 Rc7+ 35. Rc5 Ra7 36. Ra5 Rc7+ 37. Kd3 Rc1 38. Rc5 Rb1 39. Rc4 g3 40. fxg3 Rb3+ 41. Kd4 Rxg3 42. Kc5 Rxg2 43. b5 Kc7 44. Rf4 Rc2+ 45. Kb4 Kb6 46. Rxf7 Re2 47. Rg7 Rxe5 48. Rg5 Re4+ 49. Kc3 Rxh4 50. Re5 Rh1 51. Kd3 h4 52. Rxe6+ Kxb5 53. Ke2 Ra1 54. Rh6 Ra4 55. Kf3 Kc5 56. Kg2 Kd5 57. Kh3 Ke5 58. Rxh4 Rxh4+ 59. Kxh4 1/2-1/2

[Event "Ruhrgebiet Regionalliga 1213"]
[Site "Nordrheinwestfalen"]
[Date "2013.04.14"]
[Round "8.4"]
[White "Rolf, Jan Hendrik"]
[Black "Matzat, Andre"]
[Result "1-0"]
[WhiteElo "1961"]
[BlackElo "2017"]
[PlyCount "37"]
[EventDate "2012.09.09"]
[EventType "team-tourn"]
[EventRounds "9"]
[EventCountry "GER"]
[SourceTitle "EXT 2020"]
[Source "ChessBase"]
[SourceDate "2019.10.17"]
[SourceVersion "1"]
[SourceVersionDate "2019.10.17"]
[SourceQuality "1"]
[WhiteTeam "Recklinghausen Laeufer Ost"]
[BlackTeam "Weisse Dame Borbeck"]
[WhiteTeamCountry "GER"]
[BlackTeamCountry "GER"]

1. e4 c5 2. Nf3 e6 3. c3 Nf6 4. e5 Nd5 5. Bc4 d6 6. 0-0 Nc6 7. Re1 dxe5 8. Nxe5 Nxe5 9. Rxe5 Bd6 10. Rh5 Nf4 11. Bb5+ Bd7 12. Bxd7+ Kxd7 13. d4 Nxh5 14. dxc5 Nf6 15. Bf4 Kc8 16. cxd6 Qa5 17. Na3 Rd8 18. Qe2 Qf5 19. Qc4+ 1-0

[Event "Bad Woerishofen op 29th"]
[Site "Bad Woerishofen"]
[Date "2013.03.07"]
[Round "7"]
[White "Babar, Michael"]
[Black "Matzat, Andre"]
[Result "1-0"]
[WhiteElo "2201"]
[BlackElo "2078"]
[PlyCount "73"]
[EventDate "2013.03.01"]
[EventType "swiss"]
[EventRounds "9"]
[EventCountry "GER"]
[SourceTitle "CBM 153 Extra"]
[Source "ChessBase"]
[SourceDate "2013.04.22"]
[SourceVersion "1"]
[SourceVersionDate "2013.04.22"]
[SourceQuality "1"]

1. d4 Nf6 2. Nf3 e6 3. e3 d5 4. Be2 c5 5. 0-0 Nc6 6. b3 Bd6 7. Bb2 0-0 8. Nbd2 b6 9. Ne5 Bb7 10. f4 Ne7 11. Bd3 Ne4 12. Qe2 f6 13. Nef3 Nf5 14. g4 Nh6 15. Qg2 Nf7 16. Rad1 Qe7 17. Ne1 Nxd2 18. Rxd2 e5 19. Qh3 e4 20. Be2 Rac8 21. c4 Rfd8 22. Nc2 Bb8 23. dxc5 bxc5 24. cxd5 Rxd5 25. Rxd5 Bxd5 26. g5 Be6 27. Bg4 Rc6 28. gxf6 gxf6 29. Kh1 h6 30. Rg1 Kf8 31. Na3 Bc7 32. Qg2 Qd6 33. Nb5 Qd7 34. Bh5 Bd5 35. Nxc7 Qxc7 36. Qg8+ Ke7 37. Rg7 1-0

[Event "Bad Woerishofen op 29th"]
[Site "Bad Woerishofen"]
[Date "2013.03.02"]
[Round "2"]
[White "Matzat, Andre"]
[Black "Pirrot, Dieter"]
[Result "0-1"]
[WhiteElo "2078"]
[BlackElo "2377"]
[PlyCount "84"]
[EventDate "2013.03.01"]
[EventType "swiss"]
[EventRounds "9"]
[EventCountry "GER"]
[SourceTitle "CBM 153 Extra"]
[Source "ChessBase"]
[SourceDate "2013.04.22"]
[SourceVersion "1"]
[SourceVersionDate "2013.04.22"]
[SourceQuality "1"]

1. d4 Nf6 2. Bf4 g6 3. Nf3 Bg7 4. e3 0-0 5. h3 d6 6. Bh2 c5 7. Nbd2 Nc6 8. c3 cxd4 9. exd4 e5 10. dxe5 dxe5 11. Nc4 Nd5 12. Qd2 e4 13. Nfe5 Nxe5 14. Bxe5 Bxe5 15. Nxe5 Re8 16. Nc4 e3 17. fxe3 b5 18. 0-0-0 Bb7 19. e4 Rxe4 20. Na3 b4 21. cxb4 Rxb4 22. Bc4 Qc7 23. b3 a5 24. Nc2 Rxc4 25. bxc4 Qxc4 26. Qd4 Qxa2 27. Qb2 Qxb2+ 28. Kxb2 Nf4 29. Rhf1 Nd5 30. Rf2 Ra6 31. Rd3 Rc6 32. g3 Nb6 33. Ne3 Re6 34. Rc2 Be4 35. Rd8+ Kg7 36. Rc7 Bc6 37. Nc2 Bg2 38. h4 Re2 39. Ka3 Be4 40. Kb2 Nd5 41. Rxd5 Bxd5 42. Rc5 Be4 0-1